000 00434ntaaa2200181 4500
003 01
005 20251027201758.0
008 0714s1973 ag 01
040 _aAR-BaBN
_bspa
_cAR-BaBN
_eaacr
_dRIC
082 _a241.0000 Sm9
100 _aSmyth, Newman
_916245
245 _aChristian ethics
250 _a1 ed.
260 _aEdinburgh :
_bT. T. Clark,
_c1894, 1923
300 _a498 p
650 _aética cristiana
942 _cBK
999 _c12454
_d12454